00364nam a2200157Ia 4500008004100000020001100041082001300052100001500065245002700080250000800107260003000115300001100145500002400156650001200180700001400192230524s9999 xx 000 0 und d aPCE009 a415bRAI aUrmila Rai 0aBusiness Communication a7TH aNEW DELHIbHimalayac2005 aIX;365 aQuantity Number: 5 aEnglish a S. M Rai